1880 1974 1231 1721 1505 1112 1491 1428 1586 1333 1747 1243 1063 1590 1413 1145 1080 1070 1180 1571 1412 1982 1921 1947 1069 1039 1194 1477 1857 1154 1016 1564 1419 1407 1426 1284 1662 1741 1675 1089 1968 1560 1411 1419 1104 1538 1874 1217 1736 1892 1603 2000 1441 1848 1428 1860 1065 1557 1457 1744 1550 1682 1384 1717 1524 1281 1785 1392 1020 1341 1177 1844 1620 1719 1376 1638 1745 1350 1218 1248 1676 1870 1811 1685 1502 1279 1226 1923 1523 1924 1104 1825 1881 1978 1241 1842 1756 1376 1974 BCNSPRNW ULIB Ver.6.0+V

เปลี่ยนเป็นภาษาไทย

Change to English
 แสดงรายละเอียดบรรณานุกรม
  กลับหน้าหลัก

Brief Record : Get Marc (ISO 2709) : E-mail record : QR code < ปิดหน้าต่าง
LEADER : 00000nam 2200000uu 4500
001    13399120449
003     ULIB
008    120920s2551||||th 000 0 tha d
020    ^a9789748377551
060 04 ^aWB105^bจ279อ 2551
245 00 ^aอายุรศาสตร์ฉุกเฉิน /^cบรรณาธิการ, จันทราภา ศรีสวัสดิ์ ...[และคนอื่นๆ]
260    ^aกรุงเทพฯ :^bโครงการตำราวิทยาลัยแพทยศาสตร์พระมงกุฎเกล้า,^c2551
300    ^a608 หน้า :^bภาพประกอบ ;^c26 ซม.
500    ^aการอบรมระยะสั้น "อายุรศาสตร์ในเวชปฏิบัติ ครั้งที่ 9"ของกองอายุรกรรม และภาควิชาอายุรศาสตร์ วิทยาลัยแพทยศาสตร์พระมงกุฎเกล้า วันที่ 1-5 กันยายน 2551
650  7 ^aเวชศาสตร์ฉุกเฉิน^vการประชุม
650  7 ^aภาวะฉุกเฉิน^vการประชุม
650  7 ^aบริการฉุกเฉินของโรงพยาบาล^vการประชุม
700 0  ^aจันทราภา ศรีสวัสดิ์,^eบรรณาธิการ
710 2  ^aวิทยาลัยแพทยศาสตร์พระมงกุฏเกล้า.^bโครงการตำราวิทยาลัยแพทยศาสตร์พระมงกุฎเกล้า
710 2  ^aวิทยาลัยแพทยศาสตร์พระมงกุฏเกล้า. ^bภาควิชาอายุรศาสตร์
945    ^p0^l0^i15643
945    ^p0^l0^i15644
995    ^aกัณชพร
999 ^a ใช้งานได้ทุกระบบ
รายการนี้ยังไม่มีแท็ก
คุณยังไม่ได้ล็อกอิน คุณสามารถมีกิจกรรมร่วมกับเว็บไซต์ได้ แต่ต้องล็อกอินก่อน ::
  ล็อกอิน

รายการสื่อสารสนเทศ

ลำดับที่ ประเภท เลขเรียก/บาร์โค้ด สถานที่ สถานะ
1. วิทยาศาสตร์การแพทย์ และสุขภาพ
วิทยาศาสตร์การแพทย์ และสุขภาพ
WB105 จ279อ 2551  
  Barcode: 15643
ห้องสมุดวิทยาเขตสวรรค์ประชารักษ์
►ส่วนจัดเก็บหนังสือเก่า สปร
บนชั้น
  ขอยืม
2. วิทยาศาสตร์การแพทย์ และสุขภาพ
วิทยาศาสตร์การแพทย์ และสุขภาพ
WB105 จ279อ 2551 ฉ.2 
  Barcode: 15644
ห้องสมุดวิทยาเขตสวรรค์ประชารักษ์
►ส่วนจัดเก็บหนังสือเก่า สปร
บนชั้น
  ขอยืม

BibComment


ยังไม่เคยถูกคอมเมนท์

คอมเมนท์ทรัพยากรรายการนี้
  คอมเมนท์: อายุรศาสตร์ฉุกเฉ..


 Copyright 2026. Bcnsprnw @Library